ABC of Mental Health. (Record no. 2624)
[ view plain ]
| 000 -LEADER | |
|---|---|
| fixed length control field | 00454nam a22001817a 4500 |
| 003 - CONTROL NUMBER IDENTIFIER | |
| control field | OSt |
| 005 - DATE AND TIME OF LATEST TRANSACTION | |
| control field | 20151119153442.0 |
| 008 - FIXED-LENGTH DATA ELEMENTS--GENERAL INFORMATION | |
| fixed length control field | 151119b xxu||||| |||| 00| 0 eng d |
| 020 ## - INTERNATIONAL STANDARD BOOK NUMBER | |
| International Standard Book Number | 0727912208 |
| 040 ## - CATALOGING SOURCE | |
| Transcribing agency | DLMN |
| 082 ## - DEWEY DECIMAL CLASSIFICATION NUMBER | |
| Classification number | WF553 R259a 2000. |
| 100 ## - MAIN ENTRY--PERSONAL NAME | |
| Personal name | Davies,Teifion;Craig,TKJ. |
| 9 (RLIN) | 6223 |
| 245 ## - TITLE STATEMENT | |
| Title | ABC of Mental Health. |
| 300 ## - PHYSICAL DESCRIPTION | |
| Extent | xii,82p; |
| Other physical details | col,ill; |
| Dimensions | 30cm |
| 504 ## - BIBLIOGRAPHY, ETC. NOTE | |
| Bibliography, etc | includes index. |
| 648 ## - SUBJECT ADDED ENTRY--CHRONOLOGICAL TERM | |
| Chronological term | Mental health. |
| 9 (RLIN) | 6227 |
| 942 ## - ADDED ENTRY ELEMENTS (KOHA) | |
| Source of classification or shelving scheme | Other/Generic Classification Scheme |
| Koha item type | Short Loan |
| Withdrawn status | Lost status | Source of classification or shelving scheme | Damaged status | Not for loan | Home library | Current library | Date acquired | Source of acquisition | Inventory number | Total Checkouts | Full call number | Barcode | Date last seen | Price effective from | Koha item type |
|---|---|---|---|---|---|---|---|---|---|---|---|---|---|---|---|
| Other/Generic Classification Scheme | MUST Main Library | MUST Main Library | 19/11/2015 | o6/29112 | WF553 R259a 2000. | 2015-2689 | 19/11/2015 | 19/11/2015 | Short Loan |
